| 000 -LEADER |
| fixed length control field |
01062cam a2200241Ia 4500 |
| 040 ## - CATALOGING SOURCE |
| Transcribing agency |
BTCTA |
| 082 ## - DEWEY DECIMAL CLASSIFICATION NUMBER |
| Classification number |
362 UNI 2010 C163 Or. |
| 245 00 - TITLE STATEMENT |
| Title |
Facts for life / |
| 250 ## - EDITION STATEMENT |
| Edition statement |
4th ed |
| 260 ## - PUBLICATION, DISTRIBUTION, ETC. (IMPRINT) |
| Place of publication |
New York : |
| Name of publisher |
United Nations Children's Fund, |
| Year of publication |
c2010 |
| 300 ## - PHYSICAL DESCRIPTION |
| Number of Pages |
xvii, 194 p. : |
| Other physical details |
ill. |
| Dimensions |
28 cm |
| 500 ## - GENERAL NOTE |
| General note |
"Produced by UNICEF, WHO, UNESCO, UNFPA, UNDP, UNAIDS, WFP and the World Bank"--P. [2] of cover |
| 500 ## - GENERAL NOTE |
| General note |
"Sales No.: E.09.XX.24"--T.p. verso |
| 500 ## - GENERAL NOTE |
| General note |
"January 2010."--P. [4] of cover |
| 520 ## - SUMMARY, ETC. |
| Summary, etc |
"Facts for Life consists of 14 chapters filled with practical information about how to ensure children's rights to survival, growth, development and well-being. The topics address pregnancy, childbirth, major childhood illnesses, child development, early learning, parenting, protection, and care and support of children."--P. vii |
| 650 #0 - SUBJECT ADDED ENTRY--TOPICAL TERM |
| Topical Term |
Infant health services |
| 650 #0 - SUBJECT ADDED ENTRY--TOPICAL TERM |
| Topical Term |
Maternal health services |
| 650 #0 - SUBJECT ADDED ENTRY--TOPICAL TERM |
| Topical Term |
Public health |
| 650 #0 - SUBJECT ADDED ENTRY--TOPICAL TERM |
| Topical Term |
Human services |
| 650 #0 - SUBJECT ADDED ENTRY--TOPICAL TERM |
| Topical Term |
Medicine, Preventive |
| 710 2# - ADDED ENTRY--CORPORATE NAME |
| Corporate name or jurisdiction name as entry element |
UNICEF |
| 942 ## - ADDED ENTRY ELEMENTS (KOHA) |
| Koha item type |
សៀវភៅភាសាអង់គ្លេស |
| 952 ## - LOCATION AND ITEM INFORMATION (KOHA) |
| Withdrawn status [LOCAL, KOHA] |
0 |